Velocity fields in magnetically disturbed regions of the H Alpha chromosphere (Record no. 4512)

MARC details
000 -LEADER
fixed length control field 00575nam a2200169Ia 4500
003 - CONTROL NUMBER IDENTIFIER
control field IN-BaIIA
008 - FIXED-LENGTH DATA ELEMENTS--GENERAL INFORMATION
fixed length control field 211028s9999 xx 000 0 eng d
040 ## - CATALOGING SOURCE
Transcribing agency IIA Library
080 ## - UNIVERSAL DECIMAL CLASSIFICATION NUMBER
Universal Decimal Classification number 523.752
Item number ROB
245 #0 - TITLE STATEMENT
Title Velocity fields in magnetically disturbed regions of the H Alpha chromosphere
Statement of responsibility, etc. edited by Howard Philip Roberts
260 ## - PUBLICATION, DISTRIBUTION, ETC.
Place of publication, distribution, etc. California
Name of publisher, distributor, etc. California Institute of Technology
Date of publication, distribution, etc. 1970
300 ## - PHYSICAL DESCRIPTION
Extent 102p.
650 ## - SUBJECT ADDED ENTRY--TOPICAL TERM
Topical term or geographic name entry element Astronomy and Astrophysics Thesaurus 
9 (RLIN) 1143
650 ## - SUBJECT ADDED ENTRY--TOPICAL TERM
Topical term or geographic name entry element Soplar Chromosphere
9 (RLIN) 7912
700 ## - ADDED ENTRY--PERSONAL NAME
Personal name Roberts, Howard Philip., ed.
9 (RLIN) 7913
942 ## - ADDED ENTRY ELEMENTS (KOHA)
Koha item type Books
Holdings
Withdrawn status Lost status Damaged status Not for loan Home library Current library Shelving location Date acquired Total Checkouts Full call number Barcode Date last seen Price effective from Koha item type
        IIA Library-Bangalore IIA Library-Kodaikanal General Stacks 28/09/1974   523.752/ ROB 5038 05/11/2021 28/09/1974 Books

Powered by Koha